000 01425nam0a2200349 4500
001 RU\NLR\bibl\1509245
005 20250616022848.0
010 _a978-5-222-17053-3
_95000
021 _aRU
_b2010-21230
_91433
035 _a(nilc)RSL-KNO-004620724
035 _a(NLR Aleph) 001500649
090 _a1794747
_c1794747
100 _a20100330d2010 |||y0rusy50 ca
101 0 _arus
102 _aRU
105 _ay zzzz|||||
200 1 _aНовый курс лекций по препаратам Тяньши
_fФ. Р. Бикбаева
205 _aИзд. 9-е, стер.
210 _aРостов-на-Дону
_cФеникс
_d2010
215 _a412, [1] с.
_cил., табл.
_d21
225 1 _aСерия "Медицина для вас"
606 1 _aПищевые добавки "Тяньши" корпорации
_xЛечебное применение
_92339395
_3RU\NLR\auth\661398438
610 0 _aЗдравоохранение. Медицинские науки -- Гигиена питания -- Рациональное питание -- Биодобавки -- Популярные издания
686 _aР123.02я9
_2rubbk
686 _aР123.02
700 1 _aБикбаева
_bФ. Р.
_gФарида Равильевна
_4070
801 0 _aRU
_bРГБ
_c20100330
_grcr
801 1 _aRU
_bРГБ
_c20100330
801 2 _aRU
_bNLR
_c20100511
_grcr
942 _cBOOK
980 _aNB